000 00766aam a2200289 i 4500
001 768714001
003 CO-MdFUSB
005 20250908155006.0
007 ta
008 250908t1941 -us |||| |||| 00| 0 eng d
040 _cCO-MdFUSB
041 0 _aeng
082 0 4 _223
_a251
_bB6325c
100 1 _aBlackwood, Andrew Watterson
_eautor
245 1 0 _aPreaching from the Bible
_c/ Andrew W. Blackwood
264 1 _bAbingdon Cokesbury Press,
_aNew York, USA :
_c[1941]
264 4 _c©1941
300 _a247 páginas
336 _atexto
_btxt
_2rdacontent
337 _2rdamedia
_asin mediación
_bn
338 _2rdacarrier
_avolumen
_bnc
563 _aPasta dura
653 _aPredicación
942 _cBK
945 _aJTF-925
999 _c36385
_d36385